000 00851cam a22002532 4500
001 8013
003 BD-RjUL
005 20211208234517.0
008 140116s1964 xx 000 0 eng d
035 _aOCLC ocm00965921 from D970721M
_a(BD-RjUL)8058
040 _aITD
_cITD
_dUKM
_dOCL
_dEQO
_dBD-RjUL
_beng
041 _aeng
082 0 4 _a620.0045
_218
_bBUS 1964
090 _aTA168
_b.B8 1964b
100 1 _aBuckland, William R.
_925002
245 1 0 _aStatistical assessment of the life characteristic :
_ba bibliographic guide /
_cby William R Buckland.
260 _aLondon :
_bC. Griffin,
_cc1964
300 _a125 p. ;
_c22 cm.
490 0 _aGriffin's statistical monographs & courses,
650 0 _aReliability (Engineering)
_925003
650 0 _aDistribution (Probability theory)
_920785
650 0 _aExperimental design.
_938
942 _2ddc
_cBK
999 _c8013
_d8013